Library Logo

Pioneer International University Library Catalogue

KILLER OF THE INNOCENTS (Record no. 9358)

MARC details
000 -LEADER
fixed length control field 00341nam a22001337a 4500
005 - DATE AND TIME OF LATEST TRANSACTION
control field 20250901165809.0
008 - FIXED-LENGTH DATA ELEMENTS--GENERAL INFORMATION
fixed length control field 250320b |||||||| |||| 00| 0 eng d
020 ## - INTERNATIONAL STANDARD BOOK NUMBER
Linkage 9789970398164
050 ## - LIBRARY OF CONGRESS CALL NUMBER
Classification number PL 8379.9 .K53 2014
245 ## - TITLE STATEMENT
Title KILLER OF THE INNOCENTS
Statement of responsibility, etc. KIBERA NGUMI
260 ## - PUBLICATION, DISTRIBUTION, ETC.
Place of publication, distribution, etc. NAIROBI
Name of publisher, distributor, etc. MK PUBLISHERS
Date of publication, distribution, etc. 2014
300 ## - PHYSICAL DESCRIPTION
Extent 255
942 ## - ADDED ENTRY ELEMENTS (KOHA)
Source of classification or shelving scheme Library of Congress Classification
Holdings
Withdrawn status Lost status Source of classification or shelving scheme Damaged status Not for loan Collection Home library Current library Shelving location Date acquired Source of acquisition Total checkouts Full call number Barcode Date last seen Price effective from Koha item type
    Library of Congress Classification       Main Library Main Library   03/20/2025 Donation from KICD   PR 9408 .K53 2014 PIUD0000344 03/20/2025 03/20/2025 Books